000 00440nam a2200181Ia 4500
003 GCL
008 140319s9999 xx 000 0 eng d
040 _aGCL /
_cGCL
082 0 4 _aCH
_b770
_bK M
100 1 _aKING, DAVE
245 1 0 _aMY FIRST PHOTOGRAPHY BOOK /
_cKING, DAVE
260 _a[S.N] :
_bDORLING KINDERSLEY ،
_c1994
300 _a48 P
650 0 4 _aARTS
650 0 4 _aPHOTOGRAPHY
650 0 4 _aPICTURES
942 _2ddc
_cBK
999 _c15143
_d15143